20 najbezpieczniejszych i najniebezpieczniejszych państw - Statystyki

Ogólne statystyki
  • Ten quiz został rozwiązany 1 071 razy
  • Średni wynik to 20 z 40
Statystyki odpowiedzi
państwa :D % Poprawnych
Rosja
82%
Ukraina
72%
Islandia
71%
Norwegia
70%
Irak
69%
Kanada
68%
Szwajcaria
68%
Najniebezpieczniejsze państwa: Afganistan
67%
Najbezpieczniejsze państwa: Finlandia
66%
Korea Północna
65%
Japonia
63%
Syria
61%
Australia
60%
Izrael
57%
Pakistan
56%
Hiszpania
54%
Nowa Zelandia
54%
Turcja
54%
Austria
52%
Portugalia
52%
Jemen
49%
Holandia
48%
Sudan
48%
Nigeria
47%
Somalia
47%
Wenezuela
47%
Luksemburg
45%
Oman
45%
Katar
43%
Libia
43%
Zjednoczone Emiraty Arabskie
41%
Estonia
40%
Liban
39%
Sudan Południowy
38%
Singapur
34%
Mali
33%
Demokratyczna Republika Konga
30%
Bahrajn
26%
Republika Środkowo-afrykańska
21%
Rwanda
19%
Nie znaleziono quizów pasujących do podanych kryteriów
Rozkład punktacji
Procent ludzi z każdym wynikiem
Percentyl według liczby udzielonych odpowiedzi
Twoja historia wyników
Nie rozwiązałeś tego quizu